000 004620000a22001450004500
090 _aAR
_b01290
245 1 0 _aEstructura lógica del artículo científico agrícola
650 1 4 _aComunicación científica
_994582
650 1 4 _aRedacción técnica
_994583
650 1 4 _aArtículos científicos
_94212
041 0 _aEspañol
100 1 _aSamper, Armando
_994584
942 _cARTICULO
773 1 _tComunicación Científica y Redacción Técnica
_3473
_q49-70
_d1990?
999 _c10375
_d10375